Diary of a Wimpy Kid Books - Statistics

General Stats
  • This quiz has been taken 71 times
  • The average score is 10 of 12
Answer Stats
Book % Correct
Rodrick Rules
98%
Dog Days
96%
Diary of a Wimpy Kid
91%
The Long Haul
89%
The Third Wheel
89%
Cabin Fever
87%
Old School
87%
The Last Straw
87%
Hard Luck
84%
Double Down
82%
The Ugly Truth
80%
The Getaway
76%
No matching quizzes found
Score Distribution
Percent of People with Each Score
Percentile by Number Answered
Your Score History
You have not taken this quiz